000 00998nam a22003377a 4500
001 0022496
003 KOHA_MİRAKIL
005 20260207002345.0
007 ta
008 100929b1990 tu |||gr||||#0|||0|tur |
020 _a9754510180
040 _aTR-BiSEU
_btur
_cTR-BiSEU
_erda
041 0 _atur
044 _ctu
050 _aDR571
_b.S85 1990
245 0 _aSultan Abdülhamid :
_bTahsin Paşa'nın Yıldız hatıraları.
250 _a4. baskı.
264 1 _aİstanbul :
_bBoğaziçi Yayınları
_c1990
300 _axxiii, 481 sayfa: resimli; 20 cm.
336 _ametin
_btxt
_2rdacontent
337 _aaracısız
_bn
_2rdamedia
338 _acilt
_bnc
_2rdacarrier
490 1 _aBoğaziçi Yayınları ;
_v98
500 _aDizin var.
650 0 _aAbdülhamid II,Sultan of the Turks, 1842-1918.
_922497
650 0 _aTahsin Paşa, d. 1934?
_946935
650 0 _aTurkey--History.
_95455
830 1 _aBoğaziçi Yayınları ;
_v98
_926668
907 _aTarih
942 _2lcc
_cBK
999 _c22452
_d22452